[Event "Fagernes Norsk op-A"]
[Site "Fagernes"]
[Date "2014.04.16"]
[Round "6"]
[White "Andersen, Alf Roger"]
[Black "Jorgensen, Lars"]
[Result "1-0"]
[WhiteElo "2230"]
[BlackElo "1926"]
[PlyCount "89"]
[EventDate "2014.04.13"]
[EventType "swiss"]
[EventRounds "9"]
[EventCountry "NOR"]
[SourceTitle "CBM 159 Extra"]
[Source "ChessBase"]
[SourceDate "2014.04.24"]
[SourceVersion "1"]
[SourceVersionDate "2014.04.24"]
[SourceQuality "1"]

1. e4 e5 2. Nf3 Nc6 3. d4 exd4 4. Nxd4 Bc5 5. Be3 Qf6 6. Nb5 Bxe3 7. fxe3 Qh4+ 8. g3 Qd8 9. Qg4 g5 10. Nd2 h6 11. 0-0-0 Ne5 12. Qe2 d6 13. h3 a6 14. Nd4 Qe7 15. Nc4 Nxc4 16. Qxc4 Nf6 17. Bg2 Nxe4 18. Nc6 bxc6 19. Qxc6+ Kd8 20. Qxa8 Nf2 21. Bb7 Qd7 22. Bxc8 Qxc8 23. Qf3 Nxh1 24. Qf6+ Kd7 25. Qxf7+ Kc6 26. Qd5+ Kb6 27. Rxh1 Rf8 28. g4 Qe8 29. Qd4+ Kb7 30. Qd5+ Kb6 31. Re1 Rf7 32. e4 Re7 33. Re3 Qc8 34. Rc3 Ka7 35. Qd4+ Kb8 36. Rb3+ Ka8 37. Qd5+ Ka7 38. Qd4+ Ka8 39. Rc3 Kb7 40. Qb4+ Ka7 41. Rc6 Qb7 42. Qd4+ Ka8 43. Qc4 Ka7 44. b3 Re5 45. Rxc7 1-0

[Event "Fagernes Norsk op-A"]
[Site "Fagernes"]
[Date "2014.04.15"]
[Round "4"]
[White "Jorgensen, Lars"]
[Black "Flermoen, Peter"]
[Result "1/2-1/2"]
[WhiteElo "1926"]
[BlackElo "2232"]
[PlyCount "47"]
[EventDate "2014.04.13"]
[EventType "swiss"]
[EventRounds "9"]
[EventCountry "NOR"]
[SourceTitle "CBM 159 Extra"]
[Source "ChessBase"]
[SourceDate "2014.04.24"]
[SourceVersion "1"]
[SourceVersionDate "2014.04.24"]
[SourceQuality "1"]

1. d4 Nf6 2. c4 g6 3. Nc3 d5 4. cxd5 Nxd5 5. e4 Nxc3 6. bxc3 Bg7 7. Nf3 c5 8. Be2 0-0 9. 0-0 Nc6 10. e5 Bg4 11. Be3 Qc7 12. Qc1 Rfd8 13. Rd1 Rac8 14. Qa3 Na5 15. Rac1 Be6 16. Nd2 a6 17. h3 Rd7 18. Qb2 Qd8 19. Qa1 b5 20. Ne4 cxd4 21. cxd4 Bc4 22. Bg4 e6 23. Bg5 Qf8 24. Bd2 1/2-1/2

[Event "Fagernes Norsk op-A"]
[Site "Fagernes"]
[Date "2014.04.15"]
[Round "3"]
[White "Jorgensen, Lars"]
[Black "Guttulsrud, Odd Martin"]
[Result "1/2-1/2"]
[WhiteElo "1926"]
[BlackElo "2206"]
[PlyCount "90"]
[EventDate "2014.04.13"]
[EventType "swiss"]
[EventRounds "9"]
[EventCountry "NOR"]
[SourceTitle "CBM 159 Extra"]
[Source "ChessBase"]
[SourceDate "2014.04.24"]
[SourceVersion "1"]
[SourceVersionDate "2014.04.24"]
[SourceQuality "1"]

1. d4 Nf6 2. c4 g6 3. Nc3 Bg7 4. e4 d6 5. f4 0-0 6. Nf3 c5 7. d5 e6 8. dxe6 Bxe6 9. Bd3 Nc6 10. 0-0 a6 11. f5 Bd7 12. Bf4 Qb8 13. Bc2 Ne5 14. Nxe5 dxe5 15. Be3 gxf5 16. exf5 Bc6 17. Qe2 Rd8 18. Rad1 Qc7 19. Kh1 Kh8 20. Bf2 b5 21. Bg3 Re8 22. cxb5 axb5 23. Nxb5 Bxb5 24. Qxb5 Rxa2 25. Bb1 Rb8 26. Qxb8+ Qxb8 27. Bxa2 Ne4 28. Bh4 Bf6 29. Bxf6+ Nxf6 30. Bxf7 Kg7 31. Bc4 Qxb2 32. h3 e4 33. Rfe1 Qe5 34. Be6 Kh6 35. Re3 Kg5 36. Kg1 h5 37. Kf1 Kf4 38. Ke2 Qb2+ 39. Rd2 Qc1 40. g3+ Ke5 41. Rd1 Qb2+ 42. Rd2 Qc1 43. Rd1 Qc2+ 44. Rd2 Qc1 45. Rd1 Qc2+ 1/2-1/2

[Event "Fagernes Norsk op-A"]
[Site "Fagernes"]
[Date "2014.04.14"]
[Round "2"]
[White "Kvisvik, Brede Alexander"]
[Black "Jorgensen, Lars"]
[Result "1-0"]
[WhiteElo "2300"]
[BlackElo "1926"]
[PlyCount "81"]
[EventDate "2014.04.13"]
[EventType "swiss"]
[EventRounds "9"]
[EventCountry "NOR"]
[SourceTitle "CBM 159 Extra"]
[Source "ChessBase"]
[SourceDate "2014.04.24"]
[SourceVersion "1"]
[SourceVersionDate "2014.04.24"]
[SourceQuality "1"]

1. d4 d5 2. c4 e6 3. Nf3 Nf6 4. g3 Be7 5. Bg2 0-0 6. 0-0 c6 7. Qc2 Nbd7 8. Nbd2 Re8 9. Rd1 Nf8 10. e4 dxe4 11. Nxe4 Nxe4 12. Qxe4 Ng6 13. h4 Bd6 14. h5 Nf8 15. Bg5 f6 16. Bf4 Bb8 17. Bxb8 Rxb8 18. Qf4 Bd7 19. g4 h6 20. Re1 Qb6 21. b3 Qb4 22. Re4 c5 23. Qd6 Qc3 24. Rd1 Kh8 25. Qxc5 Qc2 26. Rde1 Qxa2 27. R4e3 b5 28. Bf1 Rbc8 29. Qd6 a6 30. Nh4 Rcd8 31. Bd3 Bc8 32. Qf4 Qb2 33. d5 Qd2 34. Qe4 f5 35. gxf5 bxc4 36. bxc4 Nh7 37. Ng6+ Kg8 38. fxe6 Nf6 39. Qf3 Bxe6 40. Rxe6 Rxe6 41. Rxe6 1-0

[Event "Skopje Karposh op"]
[Site "Skopje"]
[Date "2014.04.02"]
[Round "6"]
[White "Dragicevic, Drazen"]
[Black "Jorgensen, Lars"]
[Result "1-0"]
[WhiteElo "2293"]
[BlackElo "1923"]
[PlyCount "31"]
[EventDate "2014.03.29"]
[EventType "swiss"]
[EventRounds "9"]
[EventCountry "MKD"]
[SourceTitle "CBM 159 Extra"]
[Source "ChessBase"]
[SourceDate "2014.04.24"]
[SourceVersion "1"]
[SourceVersionDate "2014.04.24"]
[SourceQuality "1"]

1. c4 c5 2. Nf3 Nc6 3. d4 cxd4 4. Nxd4 Nf6 5. Nc3 g6 6. Nc2 Bg7 7. g3 0-0 8. Bg2 d6 9. 0-0 Be6 10. b3 Ne4 11. Nxe4 Bxa1 12. Nxa1 Qa5 13. a3 Rfd8 14. Ng5 Bc8 15. b4 Nxb4 16. Nb3 1-0

[Event "Skopje Karposh op"]
[Site "Skopje"]
[Date "2014.03.30"]
[Round "2"]
[White "Peralta, Fernando"]
[Black "Jorgensen, Lars"]
[Result "1-0"]
[WhiteElo "2613"]
[BlackElo "1923"]
[PlyCount "53"]
[EventDate "2014.03.29"]
[EventType "swiss"]
[EventRounds "9"]
[EventCountry "MKD"]
[SourceTitle "CBM 159 Extra"]
[Source "ChessBase"]
[SourceDate "2014.04.24"]
[SourceVersion "1"]
[SourceVersionDate "2014.04.24"]
[SourceQuality "1"]

1. d4 d5 2. c4 e6 3. Nc3 Nf6 4. cxd5 exd5 5. Bg5 c6 6. Qc2 Be7 7. e3 0-0 8. Bd3 h6 9. Bh4 b6 10. Nf3 Nbd7 11. 0-0 Bb7 12. Rad1 a6 13. Ne5 g5 14. Bg3 Nh5 15. Nxd7 Qxd7 16. Bf5 Qd8 17. e4 Nxg3 18. fxg3 Kg7 19. Qf2 Bc8 20. exd5 Bxf5 21. Qxf5 c5 22. dxc5 Bxc5+ 23. Kh1 Ra7 24. Ne4 Qd7 25. Qe5+ Kg6 26. Rf6+ Kh7 27. Rxh6+ 1-0

[Event "Skopje Karposh op"]
[Site "Skopje"]
[Date "2014.03.29"]
[Round "1"]
[White "Jacimovic, Dragoljub"]
[Black "Jorgensen, Lars"]
[Result "1-0"]
[WhiteElo "2422"]
[BlackElo "1923"]
[PlyCount "76"]
[EventDate "2014.03.29"]
[EventType "swiss"]
[EventRounds "9"]
[EventCountry "MKD"]
[SourceTitle "CBM 159 Extra"]
[Source "ChessBase"]
[SourceDate "2014.04.24"]
[SourceVersion "1"]
[SourceVersionDate "2014.04.24"]
[SourceQuality "1"]

1. d4 e6 2. c4 Nf6 3. Nc3 Bb4 4. e3 0-0 5. Nge2 b6 6. a3 Be7 7. d5 d6 8. Ng3 e5 9. Be2 a5 10. 0-0 Na6 11. b4 Bd7 12. Rb1 axb4 13. axb4 Ne8 14. f4 f5 15. Qb3 Kh8 16. Bb2 Nb8 17. Ra1 Rxa1 18. Rxa1 Nf6 19. Ra8 Qc8 20. Qa3 Kg8 21. Qa2 Kh8 22. Qa7 Qd8 23. Qb7 Kg8 24. Nd1 exf4 25. exf4 Ne4 26. Nxe4 fxe4 27. Ne3 Qc8 28. Qxc8 Rxc8 29. b5 Kf7 30. Kf2 Bf6 31. Bxf6 Kxf6 32. h4 h6 33. h5 Ke7 34. Kg3 Kf6 35. Kh4 Rf8 36. g4 Ke7 37. Kg3 Kf6 38. Bd1 Rd8 1-0

[Event "Gibraltar Masters 12th"]
[Site "Caleta"]
[Date "2014.01.30"]
[Round "3"]
[White "Gajic, Mladen"]
[Black "Jorgensen, Lars"]
[Result "1-0"]
[WhiteElo "2246"]
[BlackElo "1925"]
[PlyCount "55"]
[EventDate "2014.01.28"]
[EventType "swiss"]
[EventRounds "10"]
[EventCountry "GGB"]
[SourceTitle "CBM 159"]
[Source "ChessBase"]
[SourceDate "2014.03.17"]
[SourceVersion "1"]
[SourceVersionDate "2014.03.17"]
[SourceQuality "1"]

1. b3 e6 2. Bb2 Nf6 3. e3 d5 4. Nf3 Be7 5. Be2 0-0 6. 0-0 Nbd7 7. c4 c6 8. Qc2 Re8 9. d4 Ne4 10. Rd1 f5 11. Ne5 Rf8 12. f3 Nxe5 13. dxe5 Ng5 14. Kh1 Bd7 15. Nc3 Rc8 16. Qd2 Qe8 17. e4 Nf7 18. exf5 Nxe5 19. f4 Nf7 20. fxe6 Bxe6 21. cxd5 cxd5 22. Nxd5 Bxd5 23. Qxd5 Rd8 24. Qf3 Nd6 25. Rac1 Nf5 26. Bd3 Kh8 27. Qg4 Rg8 28. Qxf5 1-0

[Event "Lovsprings op 11th B"]
[Site "Ringsted"]
[Date "2000.04.28"]
[Round "5"]
[White "Jorgensen, Lars"]
[Black "Jensen, Morten Frank"]
[Result "0-1"]
[WhiteElo "1801"]
[BlackElo "1829"]
[PlyCount "64"]
[EventDate "2000.03.24"]
[EventType "swiss"]
[EventRounds "7"]
[EventCountry "DEN"]
[SourceTitle "EXT 2023"]
[Source "ChessBase"]
[SourceDate "2022.10.05"]
[SourceVersion "1"]
[SourceVersionDate "2022.10.05"]
[SourceQuality "1"]

1. e4 Nc6 2. Nf3 d6 3. d4 Bg4 4. Be2 e6 5. Nc3 Nf6 6. Bg5 Be7 7. 0-0 d5 8. e5 Nd7 9. Bxe7 Qxe7 10. Qd2 0-0 11. a3 Rac8 12. b4 Nb6 13. Rfd1 Rfd8 14. b5 Nb8 15. a4 c5 16. a5 Nc4 17. Bxc4 Bxf3 18. gxf3 dxc4 19. Qe3 cxd4 20. Rxd4 Rxd4 21. Qxd4 a6 22. bxa6 bxa6 23. Ne4 h6 24. Nd6 Rd8 25. Qxc4 Qg5+ 26. Kf1 Qxe5 27. Rd1 Rxd6 28. Qc8+ Kh7 29. Rb1 Nd7 30. Rb7 Rd1+ 31. Kg2 Qg5+ 32. Kh3 Rg1 0-1

[Event "Lovsprings op 11th B"]
[Site "Ringsted"]
[Date "2000.03.24"]
[Round "1"]
[White "Rasmussen, Henning H"]
[Black "Jorgensen, Lars"]
[Result "1-0"]
[WhiteElo "1834"]
[BlackElo "1801"]
[PlyCount "79"]
[EventDate "2000.03.24"]
[EventType "swiss"]
[EventRounds "7"]
[EventCountry "DEN"]
[SourceTitle "EXT 2023"]
[Source "ChessBase"]
[SourceDate "2022.10.05"]
[SourceVersion "1"]
[SourceVersionDate "2022.10.05"]
[SourceQuality "1"]

1. d4 Nf6 2. c4 e6 3. Nc3 d5 4. Bg5 Be7 5. e3 Nbd7 6. Nf3 0-0 7. Bd3 dxc4 8. Bxc4 c5 9. 0-0 cxd4 10. Nxd4 h6 11. Bh4 Ne5 12. Be2 Bd7 13. Qb3 Nc6 14. Rfd1 Na5 15. Qc2 Rc8 16. Bf3 g5 17. Bg3 Nd5 18. Bxd5 exd5 19. Nf5 Bf6 20. Rxd5 Bxc3 21. bxc3 Qf6 22. Nd4 Rfd8 23. Rxa5 b5 24. Qe4 Rxc3 25. Rxa7 Rdc8 26. Ra8 Qa6 27. Rxc8+ Qxc8 28. h3 h5 29. Qe5 Rc5 30. Qb8 h4 31. Qxc8+ Bxc8 32. Bd6 Rd5 33. Bb4 g4 34. hxg4 Bxg4 35. f3 Bd7 36. Kf2 Rg5 37. Rh1 Rh5 38. a3 Kg7 39. Rc1 h3 40. gxh3 1-0

[Event "Lovsprings op 06th B"]
[Site "Ringsted"]
[Date "1994.05.08"]
[Round "6"]
[White "Larsen, Soren Michael"]
[Black "Jorgensen, Lars"]
[Result "0-1"]
[WhiteElo "1848"]
[BlackElo "1748"]
[PlyCount "98"]
[EventDate "1994.03.27"]
[EventType "swiss"]
[EventRounds "7"]
[EventCountry "DEN"]
[SourceTitle "EXT 2023"]
[Source "ChessBase"]
[SourceDate "2022.10.05"]
[SourceVersion "1"]
[SourceVersionDate "2022.10.05"]
[SourceQuality "1"]

1. e4 c5 2. Nf3 d6 3. d4 cxd4 4. Nxd4 Nf6 5. Nc3 g6 6. Be3 Bg7 7. Qd2 0-0 8. f3 Nc6 9. Nxc6 bxc6 10. 0-0-0 Be6 11. g4 Qa5 12. a3 Rab8 13. Nb1 Qxd2+ 14. Rxd2 Nxg4 15. Bd4 Ne5 16. f4 Nc4 17. Bxg7 Kxg7 18. Bxc4 Bxc4 19. h4 Rb7 20. b3 Rfb8 21. Rh3 Be6 22. Rg3 a5 23. Nc3 c5 24. Rdg2 Bd7 25. f5 e6 26. fxg6 fxg6 27. h5 Be8 28. Kd2 Kh6 29. hxg6 Bxg6 30. Ne2 Rf8 31. Ke3 Rbf7 32. Nc3 Kg7 33. Nb5 d5 34. exd5 exd5 35. c3 Re7+ 36. Kd2 Rf1 37. Re3 Rb7 38. c4 Rb1 39. Rg5 Rf7 40. Rxg6+ hxg6 41. cxd5 Rf2+ 42. Kc3 Rfb2 43. Kc4 Rc2+ 44. Nc3 Rbc1 45. d6 Kf7 46. a4 Rxc3+ 47. Rxc3 Rxc3+ 48. Kxc3 Ke6 49. Kc4 Kxd6 0-1